MARC

LEADER 00000nas a2200000 a 4500
001 ssj0000179
003 WaSeSS
005 20200512172242.0
006 m d
007 cr n
008 980513c19659999paumx pss 0 a0eng c
010 |a  2006212058 
016 7 |a 2066650-0  |2 DE-600 
016 7 |a 013742941  |2 Uk 
022 |a 1559-8519  |l 0022-4499  |y 0022-4499 
030 |a JSXRAJ 
035 |a (WaSeSS)ssj0000179 
037 |b Society for the Scientific Study of Sexuality, PO Box 416, Allentown, PA 18105-0416 
040 |a FGA  |b eng  |e pn  |c FGA  |d OCL  |d OCLCQ  |d FQM  |d NSD  |d EYM  |d HUL  |d OCLCQ  |d UKMGB  |d OCLCQ  |d DLC  |d OCLCF  |d TXA  |d OCLCQ  |d DEBBG  |d DYJ  |d OCLCO  |d GBT  |d OCLCO  |d WT2  |d OCLCO  |d IOG  |d OCLCO  |d OCLCA  |d DLC  |d BUF  |d OCLCO  |d U3W  |d OCLCO  |d TOF  |d AU@  |d OCLCO  |d WYU  |d OCLCO  |d VT2  |d OCLCE  |d MUX  |d FIE  |d NTG  |d OCLCO  |d UKBTH  |d OCLCQ  |d OCLCA  |d OCLCQ  |d OCLCO  |d OCLCA  |d SFB  |d WaSeSS 
042 |a nsdp  |a pcc  |a dlr 
050 0 0 |a HQ5 
060 0 0 |a W1  |b JO876R 
082 1 0 |a 612.6  |2 13 
210 0 |a J. sex res.  |b (Online) 
222 4 |a The journal of sex research  |b (Online) 
245 0 4 |a The journal of sex research  |h [electronic resource]. 
260 |a New York, N.Y. :  |b Society for the Scientific Study of Sex,  |c 1965- 
310 |a Eight issues yearly,  |b 2013- 
321 |a Frequency varies,  |b 1965-2012 
362 0 |a Vol. 1, issue 1 (1965)- 
500 |a Title from cover (JSTOR, viewed Apr. 18, 2007). 
500 |a Place of publication varies. 
506 |a License restrictions may limit access. 
515 |a Some issues combined. 
538 |a Master and use copy. Digital master created according to Benchmark for Faithful Digital Reproductions of Monographs and Serials, Version 1. Digital Library Federation, December 2002.  |u http://purl.oclc.org/DLF/benchrepro0212  |5 MiAaHDL 
550 |a Issued by: Society for the Scientific Study of Sex, 1965-1994; Society for the Scientific Study of Sexuality, 1995- 
583 1 |a digitized  |c 2010  |h HathiTrust Digital Library  |l committed to preserve  |2 pda  |5 MiAaHDL 
588 1 |a Vol. 55, issue 2 (2018) (Taylor & Francis Online, viewed Jan. 17, 2018). 
650 0 |a Sexology  |x Research  |v Periodicals. 
650 1 2 |a Sex. 
650 1 2 |a Psychiatry. 
650 2 2 |a Psychiatry. 
650 7 |a Sex & Sexuality.  |2 ebps 
650 7 |a Sexology  |x Research.  |2 fast  |0 (OCoLC)fst01114745 
650 1 7 |a Seksuologie.  |2 gtt 
650 1 7 |a Seksualiteit.  |2 gtt 
653 0 |a Health  |a Psychology and mental health  |a Social sciences 
655 0 |a Electronic journals. 
710 2 |a Society for the Scientific Study of Sex (U.S.) 
710 2 |a Society for the Scientific Study of Sexuality (U.S.) 
776 0 8 |i Print version:  |t Journal of sex research  |x 0022-4499  |w (DLC) 68130414  |w (OCoLC)1783365 
780 0 0 |t Advances in sex research (Online)  |x 2330-6386  |w (DLC) 2007234124  |w (OCoLC)123208775 
780 1 5 |t Annual review of sex research (Online)  |x 2168-3654  |w (DLC) 2012201571  |w (OCoLC)49393326 
850 |a DLC 
856 4 0 |z Full text available from Research Library: 01/01/1994 to 11/30/2006  |u https://search.proquest.com/publication/6821